00709nam a22001817a 450000500170000001000150001702000260003203500140005803700090007208200110008110000200009224501140011226000680022627001730029430000200046760000200048770000200050720260319120515.0 aENG-147944 c600.00a9789395481557 aEN-131476 bDBAD a338.04 aGogte Dr. Jyoti aRoadmap for an Entrepreneur;cDr. Jyoti GogtehEnglishbNavigate Your Journey With Proven Tools and Templates aMaharashtrabChaitali Nachnekar- Vishwakarma Publicationsc2025 bMaharashtraa34A/1, Suyog Centre , 7th Floor , Gultekadi Marketyard Road,Giridhar Bhawan Chowk Pune :411037 , Maharashtra, Indiae411037k9168682200minfo@vpindia.co.in a376 pbk. c24cm dDr. Jyoti Gogte aGogte Dr. Jyoti